LDR 00504naa#a2200145#i#450# 001 EN\INFRA-M\bibl\14589 005 20260429005322.3 100 ## _a20250114b2025####ek#y0engy0150####ca 102 ## _aRU 200 1# _aTHE ROLE OF DIGITALIZATION AND INTELLIGENCE IN THE PROVISION OF SERVICES TO RAILWAY TRANSPORT PASSENGERS _eConference article/thesis 210 1# _aMoscow _cINFRA-M Academic Publishing LLC. _d2025 215 ## _a3 с. 608 ## _aConference article/thesis _2local 700 #1 _aBerdysheva _gYu. A. 856 4# _azh-szf.ru _u